| 000 | 02423nam0a2200349 i 4500 | ||
|---|---|---|---|
| 001 | RU\NLR\BIBL_A\011321141 | ||
| 005 | 20240921212628.0 | ||
| 010 |
_a9785000811146 _9100 |
||
| 021 |
_aRU _b2016-102360 _96816 |
||
| 035 | _a(NLR Aleph) 011321141 | ||
| 090 |
_a11079010 _c11079010 |
||
| 100 | _a20170206d2016 k y0rusy50 ca | ||
| 101 | 0 |
_arus _deng |
|
| 102 | _aRU | ||
| 105 | _ay j 000zy | ||
| 200 | 1 |
_aФинансовые рынки и институты _eучебное пособие для магистров _eпо направлениям подготовки 38.04.08 "Финансы и кредит", 38.03.02 "Менеджмент" _fН.А. Мардеян, Ф.А. Каирова, З.Б. Тедеева _gФедер. гос. образоват. бюджет. учреждение высш. образования "Финансовый ун-т при Правительстве Рос. Федерации", (Финансовый ун-т) Владикавказ. фил., Каф. "Экономика и финансы" |
|
| 210 |
_aВладикавказ _cФГОБУ ВО "Финансовый университет при Правительстве Российской Федерации" (финуниверситет), Владикавказский филиал _cИПЦ ИП Цопанова А.Ю. _d2016 |
||
| 215 |
_a180 с. _d20 |
||
| 300 | _aРез. на англ. яз. | ||
| 320 | _aБиблиогр.: с. 179-180 (18 назв.) | ||
| 606 | 1 |
_aРынки финансовые _jУчебные издания для высших учебных заведений _yРоссийская Федерация _92189101 _3RU\NLR\AUTH\661316010 |
|
| 606 | 1 |
_aФинансовые учреждения _jУчебные издания для высших учебных заведений _yРоссийская Федерация _92126548 _3RU\NLR\AUTH\661283514 |
|
| 686 | 1 | _aУ26(2)229.5я73 | |
| 686 | 1 | _aУ26(2)210я73 | |
| 700 | 1 |
_7ca _8rus _aМардеян _bН. А. _gНоэми Аристокесовна _9170107 _3RU\NLR\AUTH\770170157 |
|
| 701 | 1 |
_7ca _8rus _aКаирова _bФ. А. _gФатима Асламбековна _9170072 _3RU\NLR\AUTH\770170122 |
|
| 701 | 1 |
_7ca _8rus _aТедеева _bЗ. Б. _gЗалина Батрадзовна _9170092 _3RU\NLR\AUTH\770170142 |
|
| 942 | _cBOOK | ||
| 980 | _aNBR | ||